Statistics for Countries by border/area ratio

Click here to take the quiz!

General Stats

  • This quiz has been taken 21 times
  • The average score is 15 of 20

Answer Stats

Border/area ratio (km/km^2)Countries% Correct
50.25705Andorra
100%
40.475Liechtenstein
100%
60.13882Luxembourg
100%
17.2727Vatican City
100%
22.20Monaco
94%
30.6393San Marino
94%
70.06608Brunei
88%
130.04525Montenegro
88%
80.06580Slovenia
82%
100.06439Kosovo
76%
190.03499Burundi
71%
170.04104Moldova
71%
200.03391Rwanda
71%
110.04896Israel
59%
140.04486Switzerland
59%
180.03882Croatia
53%
90.06552Gambia
53%
150.04347Lebanon
53%
160.04216Armenia
47%
120.04536Belgium
47%

Score Distribution

Percentile by Number Answered

Percent of People with Each Score

Your Score History

You have not taken this quiz